ARRUPE JESUIT UNIVERSITY

CORONAVIRUS -STOP THE SPREAD - CLEAN,DISINFECT,COVER

The line of beauty / (Record no. 127263)

MARC details
000 -LEADER
fixed length control field 01389cam a2200421 a 4500
001 - CONTROL NUMBER
control field 13635622
003 - CONTROL NUMBER IDENTIFIER
control field ARRUPE
005 - DATE AND TIME OF LATEST TRANSACTION
control field 20240708120725.0
008 - FIXED-LENGTH DATA ELEMENTS--GENERAL INFORMATION
fixed length control field 040505s2004 enk 000 1 eng c
010 ## - LIBRARY OF CONGRESS CONTROL NUMBER
LC control number 2004426556
020 ## - INTERNATIONAL STANDARD BOOK NUMBER
International Standard Book Number 033048320X
020 ## - INTERNATIONAL STANDARD BOOK NUMBER
International Standard Book Number 0330427377 (pbk.)
035 ## - SYSTEM CONTROL NUMBER
System control number (OCoLC)ocm55120869
040 ## - CATALOGING SOURCE
Original cataloging agency COO
Modifying agency COO
Transcribing agency DLC
Modifying agency DLC
042 ## - AUTHENTICATION CODE
Authentication code pcc
043 ## - GEOGRAPHIC AREA CODE
Geographic area code e-uk-en
050 00 - LIBRARY OF CONGRESS CALL NUMBER
Classification number PR-605-1
082 00 - DEWEY DECIMAL CLASSIFICATION NUMBER
Classification number 823/.914
Edition number 22
300 ## - PHYSICAL DESCRIPTION
Dimensions 23 cm.
100 1# - MAIN ENTRY--PERSONAL NAME
Personal name Hollinghurst, Alan.
9 (RLIN) 37723
245 14 - TITLE STATEMENT
Title The line of beauty /
Statement of responsibility, etc Alan Hollinghurst.
260 ## - PUBLICATION, DISTRIBUTION, ETC. (IMPRINT)
Place of publication, distribution, etc London :
Name of publisher, distributor, etc Picador,
Date of publication, distribution, etc 2004.
300 ## - PHYSICAL DESCRIPTION
Extent 501 p. ;
610 20 - SUBJECT ADDED ENTRY--CORPORATE NAME
Corporate name or jurisdiction name as entry element University of Oxford
General subdivision Alumni and alumnae
Form subdivision Fiction.
9 (RLIN) 37724
650 #0 - SUBJECT ADDED ENTRY--TOPICAL TERM
Topical term or geographic name as entry element Male friendship
Form subdivision Fiction.
9 (RLIN) 37400
650 #0 - SUBJECT ADDED ENTRY--TOPICAL TERM
Topical term or geographic name as entry element Social classes
Form subdivision Fiction.
9 (RLIN) 37401
650 #0 - SUBJECT ADDED ENTRY--TOPICAL TERM
Topical term or geographic name as entry element Married people
Form subdivision Fiction.
9 (RLIN) 1552
650 #0 - SUBJECT ADDED ENTRY--TOPICAL TERM
Topical term or geographic name as entry element Legislators
Form subdivision Fiction.
9 (RLIN) 37725
650 #0 - SUBJECT ADDED ENTRY--TOPICAL TERM
Topical term or geographic name as entry element Rich people
Form subdivision Fiction.
9 (RLIN) 37726
650 #0 - SUBJECT ADDED ENTRY--TOPICAL TERM
Topical term or geographic name as entry element Young men
Form subdivision Fiction.
9 (RLIN) 37727
650 #0 - SUBJECT ADDED ENTRY--TOPICAL TERM
Topical term or geographic name as entry element Gay men
Form subdivision Fiction.
9 (RLIN) 37728
651 #0 - SUBJECT ADDED ENTRY--GEOGRAPHIC NAME
Geographic name Notting Hill (London, England)
Form subdivision Fiction.
9 (RLIN) 37729
655 #7 - INDEX TERM--GENRE/FORM
Genre/form data or focus term Psychological fiction.
Source of term lcsh
9 (RLIN) 3218
655 #7 - INDEX TERM--GENRE/FORM
Genre/form data or focus term Domestic fiction.
Source of term lcsh
9 (RLIN) 37730
655 #7 - INDEX TERM--GENRE/FORM
Genre/form data or focus term Bildungsromans.
Source of term gsafd
9 (RLIN) 9956
906 ## - LOCAL DATA ELEMENT F, LDF (RLIN)
a 7
b cbc
c pccadap
d 3
e ncip
f 20
g y-gencatlg
942 ## - ADDED ENTRY ELEMENTS (KOHA)
Source of classification or shelving scheme Library of Congress Classification
Koha item type Monograph ( Printed materials)
Holdings
Withdrawn status Lost status Source of classification or shelving scheme Damaged status Not for loan Collection code Home library Current library Shelving location Date acquired Total Checkouts Full call number Barcode Date last seen Price effective from Koha item type
    Library of Congress Classification     Main Collection ARRUPE COLLEGE BOOKSTORE ARRUPE COLLEGE BOOKSTORE Main Collection 23/11/2017   PR-605-1 46500027533 23/11/2017 23/11/2017 Monograph ( Printed materials)
    Library of Congress Classification     Main Collection ARRUPE COLLEGE BOOKSTORE ARRUPE COLLEGE BOOKSTORE Main Collection 23/11/2017   PR-605-2 46500027534 23/11/2017 23/11/2017 Monograph ( Printed materials)
    Library of Congress Classification     Main Collection ARRUPE COLLEGE BOOKSTORE ARRUPE COLLEGE BOOKSTORE Main Collection 23/11/2017   PR-605-3 46500027535 23/11/2017 23/11/2017 Monograph ( Printed materials)
    Library of Congress Classification     Main Collection ARRUPE COLLEGE BOOKSTORE ARRUPE COLLEGE BOOKSTORE Main Collection 23/11/2017   PR-605-4 46500027536 23/11/2017 23/11/2017 Monograph ( Printed materials)
    Library of Congress Classification     Main Collection ARRUPE COLLEGE BOOKSTORE ARRUPE COLLEGE BOOKSTORE Main Collection 23/11/2017   PR-605-7 46500028134 23/11/2017 23/11/2017 Monograph ( Printed materials)
    Library of Congress Classification     Main Collection ARRUPE COLLEGE BOOKSTORE ARRUPE COLLEGE BOOKSTORE Main Collection 23/11/2017   PR-605-8 46500028135 23/11/2017 23/11/2017 Monograph ( Printed materials)
    Library of Congress Classification     Main Collection ARRUPE COLLEGE BOOKSTORE ARRUPE COLLEGE BOOKSTORE Main Collection 23/11/2017   PR-605-9 46500028136 23/11/2017 23/11/2017 Monograph ( Printed materials)

 

Arrupe Library. PO Box MP320 Mt Pleasant, Harare, Zimbabwe
263 242 745411|librarian@aju.ac.zw